Click Country by Person, Place, or Thing - Statistics

General Stats
  • This quiz has been taken 35 times
  • The average score is 18 of 30
Answer Stats
Question Answer % Correct
Christ the Redeemer Brazil
100%
Maple Leaves Canada
100%
Volkswagen Germany
100%
Sony Japan
100%
Mount Everest Nepal
100%
Dwayne Johnson Samoa
100%
Novak Djokovic Serbia
100%
Elon Musk South Africa
100%
K-Pop South Korea
100%
Patagonia Argentina
75%
Chocolate#1 Belgium
75%
Justin Trudeau Canada
75%
Coffee(Birthplace) Ethiopia
75%
Parthenon Greece
75%
Spices #1 India
75%
Gouda Cheese Netherlands
75%
Toblerone Switzerland
75%
MCG Australia
50%
Skeleton Coast Namibia
50%
Stadium 974 Qatar
50%
Pyramids of Menoe Sudan
50%
Ha Long Bay Vietnam
50%
Wienerschnitzel Austria
25%
Mongolian BBQ China
25%
Luca Doncic Slovenia
25%
Riyadh Mahrez Algeria
0%
Lamanai Belize
0%
Eric Moussambani Equatorial Guinea
0%
Richie McCaw New Zealand
0%
Dinka Tribe South Sudan
0%
No matching quizzes found
Score Distribution
Percent of People with Each Score
Percentile by Number Answered
Your Score History
You have not taken this quiz